Statistics for European Countries That Have Smallest Percentage Of Population Living In Capital

Click here to take the quiz!

General Stats

  • This quiz has been taken 162 times
  • The average score is 8 of 10

Answer Stats

% Living In CapitalAnswer% Correct
4.38Germany
95%
4.72Italy
91%
6.84Spain
90%
1.51Switzerland
90%
4.42Poland
89%
3.38France
88%
5.40Portugal
82%
6.26Ukraine
79%
4.83Netherlands
77%
1.45Malta
66%

Score Distribution

Percentile by Number Answered

Percent of People with Each Score

Your Score History

You have not taken this quiz